Statistics for WW2 Countries

Click here to take the quiz!

General Stats

  • This quiz has been taken 286 times
    (269 since last reset)
  • The average score is 22 of 41

Answer Stats

TagAnswerFactionContinent% Correct
NaziGermanyAxisEurope
98%
Empire ofJapanAxisAsia
95%
Kingdom ofItalyAxisEurope
92%
United KingdomAlliesEurope
92%
United StatesAlliesNorth America
90%
ChinaAlliesAsia
85%
FranceAlliesEurope
83%
CanadaAlliesNorth America
77%
Kingdom ofRomaniaAxisEurope
77%
Kingdom ofHungaryAxisEurope
76%
Kingdom ofBulgariaAxisEurope
71%
AustraliaAlliesOceania
70%
PolandAlliesEurope
70%
Soviet UnionCominternEurope
65%
GreeceAlliesEurope
64%
Republic ofFinland-Europe
63%
YugoslaviaAlliesEurope
61%
BelgiumAlliesEurope
60%
NorwayAlliesEurope
60%
NetherlandsAlliesEurope
58%
New ZealandAlliesOceania
58%
BrazilAlliesSouth America
50%
Kingdom ofThailandAxisAsia
50%
MexicoAlliesNorth America
44%
Soviet Socialist RepublicEstoniaCominternEurope
40%
South AfricaAlliesAfrica
40%
Soviet Socialist RepublicLatviaCominternEurope
39%
Soviet Socialist RepublicLithuaniaCominternEurope
39%
LuxembourgAlliesEurope
39%
SlovakiaAxisEurope
37%
Indepent state ofCroatiaAxisEurope
33%
Kingdom ofIraqAxisNear East
32%
People's RepublicMongoliaCominternAsia
32%
(Puppet State)IranAlliesNear East
28%
CzechoslovakiaAlliesEurope
27%
CubaAlliesNorth America
26%
EthiopiaAlliesAfrica
23%
People's RepublicTuvaCominternAsia
18%
ColombiaAlliesSouth America
17%
PhilippinesAlliesAsia
17%
RepublicEast TurkestanCominternAsia
1%

Score Distribution

Percentile by Number Answered

Percent of People with Each Score

Your Score History

You have not taken this quiz since the last reset